| 000 | 00479nam a2200181Ia 4500 | ||
|---|---|---|---|
| 001 | 1892 | ||
| 005 | 20260306143802.0 | ||
| 008 | 260306t2009||||xx |||||||||||||| ||spa|| | ||
| 041 | _aESP | ||
| 082 |
_a158.1 _bCH525 |
||
| 100 |
_aCharan, Ram _eAUT |
||
| 245 | 0 |
_aKnow-how: _blas 8 habilidades que distinguen a las personas de buen desempeño de las demás |
|
| 260 | _c2009 | ||
| 300 |
_a303 páginas : _c20 cm. |
||
| 650 | _aGEN | ||
| 654 | _aCPS | ||
| 942 |
_cLIB _dJUS _fJUS _2ddc _n |
||
| 999 |
_c1892 _d1892 |
||